000 00459nam a22001817a 4500
005 20250331155101.0
008 240305b |||||||| |||| 00| 0 eng d
020 _a818131-098-5
041 _aeng
082 _223
_a031.02
_bPAP
100 _aPapps,Theodore
_9205943
245 _aBritannica Ready Reference Encyclopedia Vol. 1 to 10
250 _a1
260 _aNew Delhi
_bEncyclopedia
300 _aXII;268P.
651 _aMISCELLNOUS
942 _cDB
999 _c357399
_d357399